000 01141cam a2200373 a 4500
001 198730
003 ARRUPE
005 20150209164745.0
008 830209s1982 nyua b 001 0 eng
010 _a 82070846
020 _a046500444X :
_c$20.00
020 _a0465004458 (pbk.)
020 _a9780465004454 (pbk.)
035 _a(OCoLC)8590445
035 _a(OCoLC)ocm08590445
035 _a(NNC)198730
040 _carrupe
050 0 _aBF411
_b.G37 1982
082 0 _a700/.1/9
_219
090 _aBF411
_b.G37 1982
100 1 _aGardner, Howard,
_d1943-
_913028
245 1 0 _aArt, mind, and brain :
_ba cognitive approach to creativity /
_cHoward Gardner.
260 _aNew York :
_bBasic Books,
_cc1982.
300 _axx, 380 p. :
_bill. ;
_c24 cm.
500 _aIncludes indexes.
504 _aBibliography: p. 369-371.
650 0 _aCreative ability.
_914958
650 0 _aCreative ability in children.
_914959
650 0 _aCreation (Literary, artistic, etc.)
_914960
650 0 _aCreative thinking.
_914961
650 0 _aBrain
_xLocalization of functions.
_914962
942 _2lcc
_cMONOGRAPH
999 _c121996
_d121996